| 000 | 00615nam a2200205 u 4500 | ||
|---|---|---|---|
| 005 | 20250620063850.0 | ||
| 008 | 170301s1997 r 000 0 eng d | ||
| 035 | _aUPN01000216449 | ||
| 049 | _aF | ||
| 050 | 4 |
_aHD58.8 _bA7.5 |
|
| 100 | 1 |
_aArellano Gault, David, _d1964- _938058 |
|
| 245 | 1 | 0 |
_aAnálisis organizacional : _buna perspectiva desde la estrategia / _cDavid Arellano Gault. |
| 260 |
_aMéxico : _bCIDE, _c1997. |
||
| 300 | _a19 p. | ||
| 440 | 0 |
_aDocumento de trabajo ; _v26 |
|
| 650 | 4 |
_aCambio organizacional _94984 |
|
| 650 | 2 |
_aCultura corporativa _911646 |
|
| 905 | _aLibro | ||
| 999 |
_c188549 _d188549 |
||